Truyện siêu ngắn Trung Quốc

Gespeichert in:
Bibliographische Detailangaben
Format: Buch
Sprache:Undetermined
Veröffentlicht: Hà Nội Lao động 2005
Schlagworte:
Tags: Tag hinzufügen
Keine Tags, Fügen Sie den ersten Tag hinzu!
Thư viện lưu trữ: Trung tâm Học liệu Trường Đại học Cần Thơ
LEADER 00483nam a2200169Ia 4500
001 CTU_92451
008 210402s9999 xx 000 0 und d
082 |a 895.1301 
082 |b Tr527 
245 0 |a Truyện siêu ngắn Trung Quốc 
245 0 |c Nguyễn Văn Nguyên dịch 
260 |a Hà Nội 
260 |b Lao động 
260 |c 2005 
650 |a Short stories, chinese 
904 |i Tuyến 
980 |a Trung tâm Học liệu Trường Đại học Cần Thơ